| 000 | 00752nac a22002051u 4500 | ||
|---|---|---|---|
| 010 | _a 00053898 | ||
| 020 | _a1860941931 (alk. paper) | ||
| 082 | 0 | 0 |
_a681.28 _bSMI. |
| 090 |
_c5313 _d5313 |
||
| 100 | _aSmits, A.J.[ed.] | ||
| 245 | 0 | 0 |
_aFlow visualization : _btechniques and examples / _ceditors, A.J. Smits, T.T. Lim. |
| 260 |
_aRiver Edge, NJ : _bImperial College Press : _bDistributed by World Scientific Publ.,c.2000. _cc.2000. |
||
| 300 |
_axii, 396 p. : _bill. (some col.) ; _c24 cm. |
||
| 500 | _aDistributer : Al Ahram. | ||
| 504 | _aIncludes bibliographical references. | ||
| 511 | _aCatalogued By : Mahitab. | ||
| 650 | 0 | _aFlow visualization. | |
| 700 | 1 | _aLim, T. T. | |
| 942 |
_cBB _k681.28SMI. |
||
| 999 |
_c5313 _d5313 |
||